|
|
|
|
| LEADER |
00000nab a2200000 ar4500 |
| 001 |
vtls009290556 |
| 003 |
SK-MaSNL |
| 005 |
20260426071240.0 |
| 008 |
080429c2008 xo mr|p|||||||000 b|slo |
| 015 |
|
|
|a SNKBUCL2008/06
|2 snkbucl
|
| 038 |
|
|
|a SNKBUCL
|
| 040 |
|
|
|a SNKBUCL
|b slo
|c SNKBUCL
|e AACR2
|
| 041 |
0 |
|
|a slo
|
| 044 |
|
|
|a xo
|c SK
|
| 080 |
|
|
|a 31
|2 2001
|
| 080 |
|
|
|a 331
|x (437.6)
|2 2001
|
| 245 |
0 |
0 |
|a Výsledky výberového zisťovania pracovných síl v SR za 4. štvrťrok 2007
|c Štatistický úrad Slovenskej republiky
|
| 300 |
|
|
|b Grafy, tab.
|
| 648 |
|
7 |
|a 2007, 4. štvrťrok
|2 snkbucl
|9 1324080
|
| 650 |
0 |
7 |
|a pracovná sila
|2 snkbucl
|9 2342
|
| 650 |
0 |
7 |
|a štatistika
|2 snkbucl
|9 778
|
| 651 |
|
7 |
|a Slovensko
|2 snkbucl
|9 14231
|
| 710 |
1 |
|
|a Slovensko.
|b Štatistický úrad
|4 aut
|
| 773 |
0 |
|
|t Bulletin
|g Č. 2 (2008), s. A16-A19
|
| 852 |
|
|
|a SNK
|b KIS3GCP
|
| 958 |
|
|
|a SK
|
| 999 |
|
|
|c 2676621
|d 2678551
|